Aich Péter újabb elbeszélései

Podrobná bibliografia
Hlavný autor: Ozsvald, Árpád, 1932-2003 (Autor)
Médium: Článok
Jazyk:maďarčina
slovenčina
ISSN:1335-6631
Predmet:

MARC

LEADER 00000nab a2200000 a 4500
001 vtls000757795
003 SK-MaSNL
005 20260319074318.0
008 040806c2001 xo 0 hun
015 |a SNBRB2001/05-16252 
035 |a CLN000109582 
040 |a SNKBUCL  |b slo  |c SNKBUCL  |e AACR2 
041 0 |a slo 
044 |a xo  |c SK 
080 |a 82.09:894.511 (437.6)-3  |2 UDC-MRF-SK2 
080 |a 894.511 (437.6)-3.09  |2 UDC-MRF-SK2 
100 1 |a Ozsvald, Árpád,  |d 1932-2003  |4 aut  |9 100697 
245 1 0 |a Aich Péter újabb elbeszélései  |c Ozsvald Árpád 
600 1 7 |a Aich, Péter  |d 1942-  |t Első és utolsó  |2 snkbucl  |9 908529 
655 7 |a kritika a interpretácie  |2 snkbucl  |9 360040 
773 0 |t Szabad újság  |g Roč. 9, č. 15 (2001), s. 8  |x 1335-6631 
850 |a Slovenská národná knižnica v Martine 
852 |a SNK  |b KIS3GCP 
958 |a HU 
958 |a LX 
958 |a SK 
999 |c 1439128  |d 1441058